Datum a čas kvízu
30
Celkem bodů
Celkový počet nahraných bodů na tomto kvízu bez doplňovacích otázek.
13.
Pořadí na kvízu
Konečné umístění týmu na tomto kvízu.
Zaznamenané odpovědi
| # | Otázka | Odpověď | Body | Výsledky |
|---|---|---|---|---|
| 1. | Jak se jmenuje tento muž, kter... | Vladimír Balaš | 0 | |
| 2. | Minulý týden vyšla zpráva o to... | D) papoušky | 0 | |
| 3. | Historickým městem roku 2022 s... | Vysoké Mýto | 0 | |
| 4. | Japonská společnost Sega oznám... | Angry Birds | 1 | |
| 5. | Hokejový Motor je znovu mezi e... | B | 1 | |
| 6. | O slovanských bozích a mýtech... | Perun, Mokoš/Mokoša/Makoša | 0.5 | |
| 7. | Níže zobrazený český lékař a b... | Jan Evangelista Purkyně, Živa | 0.5 | |
| 8. | Známou mýtickou bytostí slovan... | třikrát | 1 | |
| 9. | Seřaďte tyto slovanské svátky... | 1B 2C 3A 4D | 1 | |
| 10. | Ve fantasy románu Američtí ___... | Američtí bohové, Neil Gaiman | 0.5 |